[Event "CRO Team Cup 2018"]
[Site "Mali Losinj"]
[Date "2018.05.18"]
[Round "1.9"]
[White "Bogut, Zeljko"]
[Black "Jovanovic, Zoran"]
[Result "1/2-1/2"]
[WhiteElo "2416"]
[BlackElo "2551"]
[Annotator "TA"]
[PlyCount "119"]
[EventDate "2018.??.??"]
[EventType "team-tourn"]
[EventCountry "CRO"]
[SourceTitle "playchess.com"]
[Source "ChessBase"]
[SourceQuality "1"]

{[%evp 10,119,56,46,72,-1,-4,-25,-15,-15,0,0,0,-3,0,0,0,-9,0,0,-3,-55,-55,-55,-56,-55,-43,-64,-62,-57,-58,-60,-65,-78,-75,-117,-109,-84,-77,-85,-81,-83,-57,-49,-20,-20,-10,-13,-13,-17,0,-5,0,0,0,0,0,0,0,0,0,0,0,0,0,0,0,0,0,0,0,0,0,0,0,0,0,0,0,0,0,0,0,0,0,0,0,0,0,0,0,0,0,0,0,-7,0,-7,-7,-7,-7,-8,0,0,0,-5,-5,-5,-5,-5,-5,-5]} 1. e4 d6 2. d4 Nf6 3. Nc3 e5 4. dxe5 dxe5 5. Qxd8+ Kxd8 6. Bc4 Ke8 {B07: Pirc Defence: Miscellaneous Systems} 7. Nd5 (7. Nf3 $16) 7... Nxd5 $11 8. Bxd5 Nd7 {Black has an edge.} 9. f4 $146 ({Predecessor:} 9. f3 c6 10. Bb3 Nc5 11. Be3 a5 12. Nh3 a4 13. Bc4 b5 14. Be2 Bxh3 15. gxh3 {0-1 (29) Thakur,A (2361)-Bocharov,D (2592) Mumbai 2010}) 9... Bd6 10. fxe5 Nxe5 11. Nf3 c6 12. Bb3 $1 Ke7 13. Be3 f6 14. O-O-O b6 15. Bd4 (15. Rhf1 $11) 15... Nxf3 $15 16. gxf3 Bf4+ 17. Kb1 Be6 18. Rhg1 g5 19. h4 h6 20. h5 Rhd8 21. Bxe6 Kxe6 22. c4 {[#]} Rxd4 $1 {[%mdl 512]} 23. Rxd4 $17 {[%mdl 4096] Endgame KRR-KRB} Be3 $1 {[%csl LRd4,LRg1]} 24. Rgd1 {And now Rd6+ would win.} Bxd4 25. Rxd4 {KR-KR} Rg8 26. c5 bxc5 (26... Ke5 {is interesting.} 27. Rd6 Rc8 28. Rd7 Rf8 29. Rxa7 bxc5 30. Kc2 Kf4) 27. Rc4 {The position is equal.} Kd6 28. Kc2 Rg7 29. b3 Rf7 30. Ra4 Ke5 {[#] Strongly threatening ...Kf4.} 31. Kd3 f5 (31... Kf4 $5 32. Ke2 $8 Re7 $15) 32. exf5 Kxf5 33. Ke3 Ke5 34. Ra5 Kd6 35. Ra4 Kd5 36. Ra5 Re7+ 37. Kd3 Kd6 38. Ra4 Rg7 39. Ke3 Rf7 40. Ra5 Rb7 41. Ke4 Rf7 42. Ke3 Re7+ 43. Kd3 Rg7 44. Ke3 g4 45. fxg4 Rxg4 46. Rxa7 Rg5 47. Kd3 Rxh5 48. a4 Rh3+ 49. Kc4 Rh4+ 50. Kc3 Rh3+ 51. Kc4 Rh1 52. a5 Rc1+ 53. Kd3 c4+ 54. bxc4 Kc5 55. Rh7 Rxc4 56. Rxh6 Kb5 57. Rh5+ c5 58. Rh8 {Threatening mate with Rb8+.} Rd4+ 59. Kc3 Kxa5 60. Rb8 {Precision: White = 77%, Black = 68%.} 1/2-1/2

[Event "CRO Team Cup 2018"]
[Site "Mali Losinj"]
[Date "2018.05.18"]
[Round "1.10"]
[White "Pikula, Dejan"]
[Black "Separovic, Tomislav"]
[Result "1-0"]
[WhiteElo "2470"]
[BlackElo "2182"]
[Annotator "TA"]
[PlyCount "129"]
[EventDate "2018.??.??"]
[EventType "team-tourn"]
[EventCountry "CRO"]
[SourceTitle "playchess.com"]
[Source "ChessBase"]
[SourceQuality "1"]

{[%evp 14,129,7,-18,2,8,0,-20,-6,-15,37,44,43,41,42,27,27,28,54,52,41,23,20,-12,-18,-12,-22,-32,0,0,16,16,28,28,25,26,79,0,0,0,5,9,9,9,9,8,22,8,8,15,8,0,13,8,27,0,0,0,37,32,32,21,62,60,79,59,69,49,60,43,54,55,76,58,245,79,70,68,231,222,220,219,209,191,370,366,392,380,368,380,401,346,443,442,641,480,478,428,707,674,649,496,664,631,908,965,29984,29985,29985,29977,29984,29985,29986,29987,29987,29988,29988,29988]} 1. e4 e6 2. d3 c5 3. Nf3 Nc6 4. g3 Nf6 5. Bg2 Be7 6. O-O O-O 7. c3 d6 8. a3 {LiveBook: 10 Games. B30: Sicilian: 2...Nc6 3 Bb5, lines without ...g6} (8. Re1 Bd7 9. Nbd2 b5 10. d4 cxd4 11. cxd4 Qb6 12. Nb3 a5 13. d5 Ne5 14. Nxe5 dxe5 15. Be3 Qa6 16. Nc5 Bxc5 17. Bxc5 {½-½ (39) Bologan,V (2640)-Ponomariov,R (2709) Tallinn 2016}) 8... Rb8 9. Re1 b5 10. Nbd2 {The position is equal.} Qb6 11. b4 $146 ({Predecessor:} 11. a4 a6 12. h3 Bb7 13. Nf1 Rfd8 14. Be3 Qc7 15. N1d2 Nd7 16. Qc2 {0-1 (67) Silveri,M-Lane,T Lansing 1995}) 11... cxb4 (11... Rd8 $11) 12. axb4 $14 a5 13. bxa5 Nxa5 14. Nb3 Nxb3 15. Qxb3 d5 16. Bf4 Rb7 $1 17. e5 Nd7 $1 {[%cal Bf6d7,Bd7b6,Bb6a4][%mdl 32]} 18. Bg5 Bxg5 19. Nxg5 h6 20. Nh3 Rc7 21. d4 Qc6 22. Rec1 Nb6 $1 23. Bf1 Bd7 24. Nf4 Rfc8 (24... Ra8 $11 {keeps the balance.}) 25. Rab1 (25. Nh5 $16) 25... Na4 $11 {[%cal Ra4c3]} 26. Qa3 Qa6 {[%cal Rc7c3]} 27. Rb3 Qa5 {[%cal Rc7c3]} 28. Ne2 Rc4 29. Qa2 Qd8 30. Qd2 Qc7 31. h4 Be8 32. Bh3 {[%cal Bf1h3,Bh3g4,Bg4e2,Be2d3][%mdl 32]} Bd7 33. Kh2 Be8 34. Bg4 Qe7 35. Nf4 Bd7 36. Be2 R4c7 37. Bd3 Be8 38. Ne2 Bd7 39. Bb1 Be8 40. Qd3 {[#] Qh7+ would kill now.} g6 41. Qd2 Kg7 42. Kg2 Rc4 43. h5 Qg5 $2 ({Black should play} 43... b4 $1 $14) 44. Qxg5 $2 (44. Nf4 $18 {is more deadly.}) 44... hxg5 $16 45. hxg6 fxg6 $2 ({Black should try} 45... f5 $14) 46. Kf3 Bd7 47. Kg4 Nc5 48. Rb4 {Threatens to win with Rxc4.} Na4 $2 (48... Ne4 {was necessary.} 49. Bxe4 dxe4 50. Kxg5 Rf8 51. Rxc4 Rf5+ 52. Kg4 bxc4) 49. Rxc4 $18 Rxc4 50. Kxg5 Be8 51. Bd3 Rc7 52. Rc2 Rc8 53. Ra2 Bf7 (53... Kf7 $142 54. Ra3 Rb8 55. Bxg6+ Ke7) 54. Ra3 Nb2 55. Bxb5 Nd1 (55... Rb8 $142 56. Ra5 Rb7) 56. f3 Rc7 57. Bd3 Nf2 58. Nf4 Nd1 59. Bxg6 Nxc3 60. Ra8 {[%cal Rf4h5] White mates.} Bg8 61. Nh5+ Kh8 62. Bd3 Rf7 63. Nf6 {[%csl Gf6][%cal Ra8g8]} Rg7+ 64. Kf4 Nd1 {[#]} 65. Bh7 $1 {Precision: White = 63%, Black = 26%.} 1-0

[Event "CRO Team Cup 2018"]
[Site "Mali Losinj"]
[Date "2018.05.16"]
[Round "1.11"]
[White "Ivankovic, Ivo"]
[Black "Djurovic, Goran"]
[Result "1-0"]
[WhiteElo "2102"]
[BlackElo "2394"]
[Annotator "ChessBase"]
[PlyCount "151"]
[EventDate "2018.??.??"]
[EventType "team-tourn"]
[EventCountry "CRO"]
[SourceTitle "playchess.com"]
[Source "ChessBase"]
[SourceQuality "1"]
[TimeControl "40/5400+30:1800+30"]

1. c4 {[%emt 0:00:30]} Nf6 {[%emt 0:03:00]} 2. Nc3 {[%emt 0:00:30]} e6 {[%emt 0:00:30]} 3. e4 {[%emt 0:03:30]} c5 {[%emt 0:00:30]} 4. e5 {[%emt 0:02:30]} Ng8 {[%emt 0:00:30]} 5. Nf3 {[%emt 0:03:30]} Nc6 {[%emt 0:00:30]} 6. Bd3 {[%emt 0:03:30]} d6 {[%emt 0:06:30]} 7. exd6 {[%emt 0:04:30]} Nf6 {[%emt 0:01:30]} 8. Ne4 {[%emt 0:04:30]} Nxe4 {[%emt 0:00:30]} 9. Bxe4 {[%emt 0:00:00]} Qxd6 {[%emt 0:00:30]} 10. O-O {[%emt 0:01:00]} Be7 {[%emt 0:01:30]} 11. b3 {[%emt 0:07:30]} O-O {[%emt 0:21:30]} 12. Bb2 {[%emt 0:02:30]} Rd8 {[%emt 0:00:30]} 13. Qe2 {[%emt 0:02:30]} f6 {[%emt 0:03:30]} 14. Rad1 {[%emt 0:04:30]} e5 {[%emt 0:00:30]} 15. Bb1 {[%emt 0:01:30]} Nb4 {[%emt 0:04:30]} 16. Ne1 {[%emt 0:04:30]} Nc6 {[%emt 0:04:30]} 17. Qh5 {[%emt 0:03:30]} g6 {[%emt 0:01:30]} 18. Bxg6 {[%emt 0:02:30]} hxg6 {[%emt 0:00:00]} 19. Qxg6+ {[%emt 0:00:30]} Kf8 {[%emt 0:01:00]} 20. f4 {[%emt 0:02:30]} exf4 {[%emt 0:03:30]} 21. Qh6+ {[%emt 0:03:30]} Ke8 {[%emt 0:00:30]} 22. Rxf4 {[%emt 0:00:30]} Nd4 {[%emt 0:02:30]} 23. Bxd4 {[%emt 0:05:30]} cxd4 {[%emt 0:00:30]} 24. Nd3 {[%emt 0:00:30]} f5 {[%emt 0:14:30]} 25. Qh5+ {[%emt 0:04:30]} Kd7 {[%emt 0:00:30]} 26. Rxf5 {[%emt 0:01:30]} Kc7 {[%emt 0:03:30]} 27. Rd5 {[%emt 0:05:30]} Qf6 {[%emt 0:02:30]} 28. Rxd8 {[%emt 0:02:30]} Bxd8 {[%emt 0:08:44]} 29. Rf1 {[%emt 0:00:30]} Qg5 {[%emt 0:03:14]} 30. Qe8 {[%emt 0:01:30]} Bd7 {[%emt 0:06:28]} 31. Rf7 {[%emt 0:03:30]} Qf5 {[%emt 0:00:01]} 32. Qe5+ {[%emt 0:02:39]} Qxe5 {[%emt 0:00:39]} 33. Nxe5 {[%emt 0:00:11]} Kd6 {[%emt 0:00:07]} 34. Nxd7 {[%emt 0:01:24]} Bg5 {[%emt 0:01:38]} 35. d3 {[%emt 0:06:34]} Re8 {[%emt 0:00:57]} 36. Nf6 {[%emt 0:02:03]} Be3+ {[%emt 0:02:57]} 37. Kf1 {[%emt 0:00:20]} Rh8 {[%emt 0:00:11]} 38. Ng4 {[%emt 0:01:51]} Bd2 {[%emt 0:01:19]} 39. Rxb7 {[%emt 0:00:48]} Rf8+ {[%emt 0:00:11]} 40. Ke2 {[%emt 0:00:00]} Bc3 {[%emt 0:01:04]} 41. Rxa7 {[%emt 0:05:10]} Re8+ {[%emt 0:00:30]} 42. Kf3 {[%emt 0:00:30]} Rf8+ {[%emt 0:00:00]} 43. Ke4 {[%emt 0:01:30]} Re8+ {[%emt 0:00:00]} 44. Kf5 {[%emt 0:00:30]} Re2 {[%emt 0:00:30]} 45. h4 {[%emt 0:01:30]} Rxg2 {[%emt 0:00:00]} 46. h5 {[%emt 0:00:30]} Rg3 {[%emt 0:00:00]} 47. Ra6+ {[%emt 0:01:30]} Kc5 {[%emt 0:00:30]} 48. Ne5 {[%emt 0:01:30]} Bd2 {[%emt 0:00:30]} 49. a3 {[%emt 0:01:30]} Rg5+ {[%emt 0:00:00]} 50. Ke4 {[%emt 0:01:30]} Rxe5+ {[%emt 0:00:00]} 51. Kxe5 {[%emt 0:00:30]} Bf4+ {[%emt 0:00:30]} 52. Ke4 {[%emt 0:00:00]} Bd2 {[%emt 0:00:30]} 53. b4+ {[%emt 0:01:00]} Bxb4 {[%emt 0:00:30]} 54. axb4+ {[%emt 0:00:00]} Kxb4 {[%emt 0:00:00]} 55. Kxd4 {[%emt 0:00:00]} Kb3 {[%emt 0:00:00]} 56. c5 {[%emt 0:00:30]} Kc2 {[%emt 0:00:30]} 57. c6 {[%emt 0:00:30]} Kd2 {[%emt 0:00:30]} 58. c7 {[%emt 0:00:30]} Ke2 {[%emt 0:00:30]} 59. h6 {[%emt 0:00:30]} Kf3 {[%emt 0:00:00]} 60. h7 {[%emt 0:00:00]} Kf4 {[%emt 0:00:00]} 61. Kc5 {[%emt 0:01:00]} Ke3 {[%emt 0:00:30]} 62. d4 {[%emt 0:00:30]} Ke4 {[%emt 0:00:00]} 63. d5 {[%emt 0:00:00]} Ke5 {[%emt 0:00:00]} 64. h8=R {[%emt 0:00:00]} Ke4 {[%emt 0:00:30]} 65. d6 {[%emt 0:00:30]} Ke5 {[%emt 0:00:00]} 66. d7 {[%emt 0:00:00]} Ke4 {[%emt 0:00:00]} 67. d8=R {[%emt 0:00:00]} Ke5 {[%emt 0:00:00]} 68. c8=R {[%emt 0:00:30]} Ke4 {[%emt 0:00:00]} 69. Rhe8+ {[%emt 0:00:30]} Kf5 {[%emt 0:00:30]} 70. Kb6 {[%emt 0:00:30]} Kf4 {[%emt 0:00:00]} 71. Ka7 {[%emt 0:00:30]} Kf5 {[%emt 0:00:00]} 72. Ka8 {[%emt 0:00:30]} Kf4 {[%emt 0:00:30]} 73. Ra5 {[%emt 0:03:30]} Kg4 {[%emt 0:00:00]} 74. Rc4+ {[%emt 0:00:00]} Kf3 {[%emt 0:00:00]} 75. Ra3+ {[%emt 0:00:00]} Kf2 {[%emt 0:00:30]} 76. Rc2+ {[%emt 0:00:30]} 1-0

[Event "CRO Team Cup 2018"]
[Site "Mali Losinj"]
[Date "2018.05.16"]
[Round "1.12"]
[White "Bukal, Vladimir Jr"]
[Black "Bender, Zdenko"]
[Result "1-0"]
[WhiteElo "2388"]
[BlackElo "2047"]
[Annotator "NA"]
[PlyCount "80"]
[EventDate "2018.??.??"]
[EventType "team-tourn"]
[EventCountry "CRO"]
[SourceTitle "playchess.com"]
[Source "ChessBase"]
[SourceQuality "1"]
[TimeControl "40/5400+30:1800+30"]

1. Nf3 {[%emt 0:00:30]} c6 {[%emt 0:03:00]} 2. g3 {[%emt 0:00:00]} Na6 {[%emt 0:01:30]} 3. Bg2 {[%emt 0:00:00]} g6 {[%emt 0:01:30]} 4. O-O {[%emt 0:00:30]} Bg7 {[%emt 0:00:30]} 5. d4 {[%emt 0:00:30]} Nf6 {[%emt 0:01:30]} 6. c4 {[%emt 0:00:30]} d5 {[%emt 0:01:30]} 7. cxd5 {[%emt 0:01:30]} Nxd5 {[%emt 0:01:30]} 8. e4 {[%emt 0:03:30]} Ndc7 {[%emt 0:00:30]} 9. h3 {[%emt 0:00:30]} O-O {[%emt 0:00:30]} 10. Nc3 {[%emt 0:00:30]} Be6 {[%emt 0:04:30]} 11. Re1 {[%emt 0:02:30]} Qc8 {[%emt 0:02:30]} 12. Kh2 {[%emt 0:00:30]} Rd8 {[%emt 0:01:30]} 13. Be3 {[%emt 0:00:30]} b5 {[%emt 0:05:30]} 14. Rc1 {[%emt 0:04:30]} Qb7 {[%emt 0:00:30]} 15. b3 {[%emt 0:06:30]} Rac8 {[%emt 0:01:30]} 16. Qe2 {[%emt 0:03:30]} Bd7 {[%emt 0:03:30]} 17. Red1 {[%emt 0:03:30]} Be8 {[%emt 0:01:30]} 18. h4 {[%emt 0:05:30]} Na8 {[%emt 0:05:30]} 19. e5 {[%emt 0:09:30]} N6c7 {[%emt 0:03:30]} (19... N8c7 $16) 20. Ne4 {[%emt 0:05:30]} a5 {[%emt 0:02:30]} 21. Nc5 {[%emt 0:01:30]} Qb8 {[%emt 0:04:30]} 22. Bh3 {[%emt 0:02:30]} e6 {[%emt 0:02:30]} 23. h5 {[%emt 0:00:30]} Nb6 {[%emt 0:06:30]} 24. hxg6 {[%emt 0:00:30]} hxg6 {[%emt 0:00:30]} 25. Bg5 {[%emt 0:06:30]} b4 {[%emt 0:04:30]} 26. Bxd8 {[%emt 0:07:30]} Rxd8 {[%emt 0:00:30]} 27. Ng5 {[%emt 0:00:30]} Nb5 {[%emt 0:01:30]} 28. Qg4 {[%emt 0:03:30]} Bh6 {[%emt 0:02:30]} 29. Qh4 {[%emt 0:07:30]} Bxg5 {[%emt 0:02:30]} 30. Qxg5 {[%emt 0:00:30]} Rxd4 {[%emt 0:01:30]} 31. Nxe6 {[%emt 0:01:30]} Rxd1 {[%emt 0:05:30]} 32. Rxd1 {[%emt 0:00:00]} Nd5 {[%emt 0:00:30] [#]} 33. Rxd5 {[%emt 0:06:40]} cxd5 {[%emt 0:01:30]} 34. Qf6 {[%emt 0:00:06]} fxe6 {[%emt 0:00:30]} 35. Bxe6+ {[%emt 0:00:03]} Kh7 {[%emt 0:00:30]} 36. Qe7+ {[%emt 0:00:03]} Bf7 {[%emt 0:02:30]} 37. Qxf7+ {[%emt 0:00:06]} Kh6 {[%emt 0:00:30]} 38. Qf4+ {[%emt 0:00:09]} Kg7 {[%emt 0:01:30]} 39. Qf6+ {[%emt 0:00:05]} Kh7 {[%emt 0:00:30]} 40. Bf7 {[%emt 0:00:00]} Qd8 {[%emt 0:32:30]} 1-0

[Event "CRO Team Cup 2018"]
[Site "Mali Losinj"]
[Date "2018.05.18"]
[Round "1.13"]
[White "Saric, Ibro"]
[Black "Bodiroga, Predrag"]
[Result "0-1"]
[WhiteElo "2554"]
[BlackElo "2332"]
[Annotator "TA"]
[PlyCount "92"]
[EventDate "2018.??.??"]
[EventType "team-tourn"]
[EventCountry "CRO"]
[SourceTitle "playchess.com"]
[Source "ChessBase"]
[SourceQuality "1"]

{[%evp 20,92,9,8,14,23,23,0,0,-4,-6,-4,-17,-10,-6,-45,-28,-37,-32,-27,-38,-41,-32,-28,-17,-14,-10,-10,-1,-7,0,0,0,0,0,-6,-9,-18,-6,0,-6,-69,-63,-48,0,0,0,0,0,0,0,-10,0,-6,-8,-8,-8,-144,-152,-747,-747,-856,-835,-4308,-4245,-4134,-4134,-4134,-4132,-6270,-4133,-29987,-3384,-1860,-1540]} 1. d4 Nf6 2. c4 e6 3. Nc3 d5 4. Bg5 Be7 5. e3 h6 6. Bxf6 Bxf6 7. Nf3 O-O 8. Qb3 c6 9. Rd1 Nd7 10. Bd3 Qe7 {D55: Queen's Gambit Declined: 4 Bg5 Be7: Lines without ...h6 and 6...h6 7 Bxf6} (10... g6 11. O-O Bg7 12. Rfe1 dxc4 13. Bxc4 b5 14. Bd3 Bb7 15. Be4 Rb8 16. a3 a5 17. Ne5 Nxe5 18. dxe5 {0-1 (33) Bauer,C (2650)-Bacrot,E (2715) Agen 2017}) 11. O-O {LiveBook: 10 Games} a5 {[%cal Ba7a5,Ba5a4,Ba4a3][%mdl 32]} 12. cxd5 $146 ({Predecessor:} 12. Qc2 Nb6 13. c5 Nd7 14. e4 b6 15. exd5 cxd5 16. c6 Nb8 17. Nb5 Na6 18. a3 {0-1 (52) Farago,I (2475)-Nikolov,S (2415) Ljubljana 1998}) 12... exd5 {White has an edge.} 13. e4 dxe4 14. Bxe4 a4 15. Qc2 a3 16. Rfe1 {[%cal Bf1e1,Be1e4,Be4d4,Bd4d5,Bd5e5][%mdl 32]} Qb4 17. Rb1 Bxd4 18. Bh7+ $1 Kh8 19. Re4 $1 {[%cal Re4d4]} c5 20. Nd5 Qa5 21. b4 Qd8 22. Nxd4 cxd4 23. Rxd4 Nf6 24. Qc5 {[#] And now Nxf6 would win.} Nxd5 25. Rxd5 Qe8 $1 26. Re5 $1 {[%cal Re5e8]} Qd8 27. Be4 Be6 28. Bxb7 Bxa2 29. Ra1 Rb8 {[%cal Ba8b8,Bb8d8,Bd8d5,Bd5d3][%mdl 32]} 30. Bf3 (30. h3 $11) 30... Qf6 $1 $15 {Strongly threatening ...Rfc8.} 31. Bc6 ({But not} 31. Rxa2 $2 Rfc8 $19) 31... Rfd8 32. Ree1 $1 Qb2 33. b5 Rd2 34. h3 Rbd8 35. Qe7 Qd4 36. Qxa3 {Qe3 is the strong threat.} Qxf2+ 37. Kh1 Bd5 38. Bxd5 (38. Rg1 $11) 38... R8xd5 $40 {[%csl Gd2][%cal Rf2g2][%mdl 128] Black attacks with force.} ({Of course not} 38... R2xd5 $6 39. Rf1 $11) 39. Rg1 $2 {[#]} (39. Qf3 $17) 39... R5d3 $1 $19 40. Qa8+ Kh7 41. Qe4+ f5 {( -> ...Rxh3+!)} 42. Qxd3 Rxd3 43. Rgf1 Qd4 44. Rab1 Qd5 45. Kh2 Rd2 {[%csl Gd2][%cal Rd5g2]} 46. Rg1 Rb2 {Precision: White = 41%, Black = 72%.} 0-1

[Event "CRO Team Cup 2018"]
[Site "Mali Losinj"]
[Date "2018.05.18"]
[Round "1.14"]
[White "Santa, Robert"]
[Black "Saric, Ante"]
[Result "0-1"]
[WhiteElo "2174"]
[BlackElo "2535"]
[Annotator "TA"]
[PlyCount "74"]
[EventDate "2018.??.??"]
[EventType "team-tourn"]
[EventCountry "CRO"]
[SourceTitle "playchess.com"]
[Source "ChessBase"]
[SourceQuality "1"]

{[%evp 17,74,-42,-48,-46,-54,-97,-95,-121,-98,-166,-156,-189,-167,-154,-141,-199,-199,-208,-201,-200,-213,-205,-183,-268,-216,-216,-211,-220,-221,-213,-217,-223,-227,-353,-341,-359,-363,-349,-349,-412,-342,-339,-324,-354,-342,-456,-454,-629,-621,-611,-595,-608,-573,-1160,-1126,-2205,-1893,-29980,-29981]} 1. e4 c5 2. Nf3 Nc6 3. d4 cxd4 4. Nxd4 g6 5. Nc3 Bg7 6. Be3 Nf6 7. f3 O-O 8. Qd2 d5 9. exd5 Nxd5 10. Nxd5 {B34: Sicilian: Accelerated Dragon with 5 Nc3: sidelines} (10. Nxc6 bxc6 11. Bd4 Bxd4 12. Qxd4 e5 13. Qd2 Nxc3 14. Qxc3 e4 15. f4 Bg4 16. h3 Qh4+ 17. g3 Qh5 18. Bg2 Be6 19. Qe5 Bf5 20. O-O {0-1 (53) Bruedigam,M (2312)-Rosenthal,D (2401) Germany 2014}) 10... Qxd5 11. c3 Nxd4 12. cxd4 {Black is better.} Rd8 13. Rd1 $146 (13. b3 $17) ({Predecessor:} 13. Be2 Be6 14. Kf2 Bxd4 15. Rhd1 Bxe3+ 16. Qxe3 Qa5 17. a3 Bd5 18. Qxe7 Qb6+ 19. Kf1 Qxb2 20. Rab1 Qc2 21. Bd3 Bc4 {0-1 (21) Braune,H-Schmitz,J Germany 1991}) 13... Qxa2 $19 14. Qb4 {[#] aiming for Bc4.} Qe6 15. Kf2 Qd6 16. Qd2 (16. Qxd6 $17 Rxd6 17. d5) 16... Be6 17. Bd3 Bb3 ({But not} 17... Bxd4 {[#]} 18. Bxg6 $1 {[%mdl 512]} Bxe3+ 19. Qxe3 $17) 18. Bc2 Bxc2 19. Qxc2 Rac8 20. Qa4 (20. Qb3 {keeps fighting.}) 20... Qd7 21. Qxd7 Rc2+ 22. Kg3 Rxd7 23. b4 Rb2 24. Rc1 {Rc8+ would kill now.} f5 ({Not} 24... Rxb4 25. Rc8+ Rd8 26. Rxd8+ Bf8 27. Bh6 Kh8 28. Rxf8#) 25. Rc4 (25. Rb1 {was called for.} Rxb1 26. Rxb1) 25... b5 26. Rc8+ Kf7 27. Ra1 Rxb4 28. Ra6 Bxd4 29. Bxd4 Rbxd4 {[%mdl 4096] Endgame KRR-KRR} 30. Rh8 Kg7 31. Ra8 Ra4 32. Rc6 Rb7 33. Rcc8 b4 {[%cal Bb5b4,Bb4b3,Bb3b2][%mdl 32]} 34. Rg8+ Kf7 {Strongly threatening ...b3.} 35. Rh8 b3 36. Rxh7+ Ke6 37. Rg7 b2 {Precision: White = 26%, Black = 90%.} 0-1

[Event "CRO Team Cup 2018"]
[Site "Mali Losinj"]
[Date "2018.05.16"]
[Round "1.15"]
[White "Plenca, Julijan"]
[Black "Komljenovic, Tihomir"]
[Result "1-0"]
[WhiteElo "2413"]
[BlackElo "2041"]
[Annotator "TA"]
[PlyCount "87"]
[EventDate "2018.??.??"]
[EventType "team-tourn"]
[EventCountry "CRO"]
[SourceTitle "playchess.com"]
[Source "ChessBase"]
[SourceQuality "1"]

{[%evp 32,87,122,122,135,106,141,135,119,41,26,50,94,68,125,93,93,98,103,100,122,61,171,177,180,189,185,160,166,153,242,243,247,252,241,240,273,261,308,301,553,369,352,327,648,519,697,714,666,662,680,634,808,806,790,747,1306,1260]} 1. e4 {[%cal Be2e4,Be4e5][%mdl 32]} Nf6 2. e5 Nd5 3. c4 Nb6 4. d4 d6 5. exd6 cxd6 6. Nc3 g6 7. Be3 Bg7 8. Rc1 O-O 9. b3 Nc6 10. d5 Ne5 11. Be2 f5 12. f4 Ng4 13. Bxg4 {B03: Alekhine's Defence: Four Pawns Attack} (13. Bd4 e5 14. dxe6 Bxe6 15. Bxg4 Bxd4 16. Qxd4 fxg4 17. Nge2 Qh4+ 18. Ng3 Qf6 19. Qxf6 Rxf6 20. O-O d5 {1-0 (40) Azarov,S (2582)-Bernadskiy,V (2529) Lvov 2017}) 13... fxg4 14. Nge2 e5 15. dxe6 Bxe6 16. O-O Qe7 17. Bd4 {LiveBook: 4 Games} Rad8 18. a4 $146 {[%cal Ba2a4,Ba4a5][%mdl 32]} ({Predecessor:} 18. Bxg7 Qxg7 19. Nd4 Bf5 20. Re1 Kh8 {1-0 (41) Vuelban,V (2282)-Laketic,M (2074) Lignano Sabbiadoro 2017}) 18... Bh6 19. a5 Nc8 20. Qd2 (20. Re1 $1 $16) 20... d5 $14 21. c5 Qd7 22. Qe3 Rde8 (22... a6 $14) 23. Qe5 $16 {White wants to mate with Qh8+.} Bg7 24. Qxg7+ Qxg7 25. Bxg7 Kxg7 {[#]} 26. Nd4 (26. a6 $1 $16 {[%mdl 512]}) 26... Bf7 ({Black should play} 26... a6 $14) 27. a6 $36 {[%mdl 2048] White is really pushing.} bxa6 28. Ra1 Re3 {[#]} 29. Nce2 $1 Rfe8 30. Kf2 R3e4 (30... R8e7 $16 {is a better defense.} 31. Rfd1 (31. Rxa6 Be8 $16) 31... Be8) 31. Rxa6 Kg8 32. Rd1 R4e7 33. Rd2 Rc7 34. b4 Re4 35. g3 Ne7 $2 (35... Re8 36. Nc3 Rb7) 36. Nb5 Rd7 37. c6 {[%cal Bc5c6,Bc6c7][%mdl 32]} ({Not} 37. Nxa7 d4 $18) 37... Rd8 $2 (37... Nxc6 38. Rxc6 Rxb4) 38. c7 {White is clearly winning.} Rd7 39. Rxa7 Nc8 40. Ra8 Re8 41. Rc2 Kg7 42. Na7 Nxa7 43. Rxa7 Rc8 44. Nd4 {Precision: White = 70%, Black = 20%.} 1-0